[Event "Parsvnath Commonwealth ch 2010"]
[Site "Nueva Delhi IND"]
[Date "2010.05.10"]
[Round "1.4"]
[White "Amitabh, Chourasia"]
[Black "Kokarev, Dmitry"]
[Result "0-1"]
[WhiteElo "1956"]
[BlackElo "2612"]
[PlyCount "68"]
[EventDate "2010.05.10"]
[EventType "swiss"]
[EventRounds "11"]
[EventCountry "IND"]
[Source "lmi"]
[SourceDate "2010.05.10"]

1. d4 Nf6 2. c4 g6 3. Nc3 Bg7 4. e4 O-O 5. Be3 d6 6. f3 Nc6 7. a3 a6 8. Bd3 e5
9. d5 Nd4 10. Nge2 Nh5 11. h4 c5 12. dxc6 bxc6 13. b4 Be6 14. Bf2 f5 15. exf5
Nxe2 16. Bxe2 gxf5 17. Qd2 Nf4 18. Rd1 d5 19. g3 Nxe2 20. Qxe2 Re8 21. O-O d4
22. g4 fxg4 23. fxg4 Qc8 24. Ne4 Bxg4 25. Qd3 Bxd1 26. Qxd1 Qf5 27. Qe2 Rf8 28.
c5 Kh8 29. Rd1 Qg6+ 30. Kh2 Rf4 31. Ng5 h6 32. Nh3 Rg4 33. Rg1 Rxg1 34. Nxg1 e4
0-1

[Event "Parsvnath Commonwealth ch 2010"]
[Site "Nueva Delhi IND"]
[Date "2010.05.10"]
[Round "1.5"]
[White "Safarli, Eltaj"]
[Black "Rathore, Sonakshi"]
[Result "1-0"]
[WhiteElo "2610"]
[BlackElo "1951"]
[PlyCount "67"]
[EventDate "2010.05.10"]
[EventType "swiss"]
[EventRounds "11"]
[EventCountry "IND"]
[Source "lmi"]
[SourceDate "2010.05.10"]

1. e4 d5 2. exd5 Qxd5 3. Nc3 Qa5 4. g3 Nf6 5. Bg2 c6 6. Nge2 Bf5 7. b4 Qc7 8.
O-O e6 9. Rb1 Nbd7 10. b5 c5 11. d3 Be7 12. h3 O-O 13. g4 Bg6 14. Bf4 e5 15.
Bg3 Nb6 16. f4 exf4 17. Nxf4 Qd7 18. Kh2 Bd6 19. Qf3 Rab8 20. g5 Ne8 21. a4 f6
22. Nxg6 hxg6 23. a5 Nc8 24. Ne4 fxg5 25. Qe3 Bf4 26. Nxc5 Qd6 27. Bxf4 gxf4
28. Qe6+ Qxe6 29. Nxe6 Rf5 30. Nxf4 Ncd6 31. Nxg6 Rxb5 32. Rxb5 Nxb5 33. Rf8+
Kh7 34. Be4 1-0

[Event "Parsvnath Commonwealth ch 2010"]
[Site "Nueva Delhi IND"]
[Date "2010.05.10"]
[Round "1.6"]
[White "Joshua, A P."]
[Black "Bocharov, Dmitry"]
[Result "0-1"]
[WhiteElo "1942"]
[BlackElo "2592"]
[PlyCount "50"]
[EventDate "2010.05.10"]
[EventType "swiss"]
[EventRounds "11"]
[EventCountry "IND"]
[Source "lmi"]
[SourceDate "2010.05.10"]

1. d4 Nf6 2. c4 e6 3. Nc3 Bb4 4. Qc2 c5 5. dxc5 Qc7 6. a3 Bxc5 7. b4 Be7 8. Nb5
Qc6 9. e4 a6 10. Nc3 d6 11. Nf3 Nbd7 12. Bd3 b6 13. O-O Bb7 14. Bb2 O-O 15. Nd4
Qc7 16. f4 Rfe8 17. Rfe1 Bf8 18. Nf3 g6 19. Rac1 Bh6 20. Ng5 e5 21. Nd5 Qd8 22.
Qf2 Bxd5 23. exd5 exf4 24. Qxf4 Ne5 25. Bxe5 dxe5 0-1

[Event "Parsvnath Commonwealth ch 2010"]
[Site "Nueva Delhi IND"]
[Date "2010.05.10"]
[Round "1.7"]
[White "Lafuente, Pablo"]
[Black "Marais, Coenraad Hendrik"]
[Result "1-0"]
[WhiteElo "2587"]
[BlackElo "1942"]
[PlyCount "87"]
[EventDate "2010.05.10"]
[EventType "swiss"]
[EventRounds "11"]
[EventCountry "IND"]
[Source "lmi"]
[SourceDate "2010.05.10"]

1. d4 Nf6 2. Nf3 e6 3. g3 d5 4. Bg2 Be7 5. O-O O-O 6. c4 c6 7. Nbd2 Re8 8. Qc2
Nbd7 9. Rd1 Bf8 10. e4 dxc4 11. Nxc4 h6 12. Bf4 b5 13. Nd6 Bxd6 14. Bxd6 Nb6
15. Bf4 Bb7 16. Ne5 Rc8 17. Nd3 Qe7 18. Nc5 Ba8 19. b3 Nfd7 20. a4 e5 21. Be3
a5 22. dxe5 Qxe5 23. Rac1 Qe7 24. Nxd7 Nxd7 25. axb5 c5 26. Qd2 Ne5 27. Qxa5
Ng4 28. Re1 Ne5 29. Qc3 c4 30. bxc4 Rxc4 31. Qb3 Rxe4 32. Rb1 Ng4 33. b6 Bb7
34. h3 Nxe3 35. Rxe3 Rxe3 36. Qxe3 Bxg2 37. Qxe7 Rxe7 38. Kxg2 Rb7 39. Kf3 Kf8
40. Ke4 Ke7 41. Kd5 Kd7 42. Kc5 Kc8 43. Re1 Rd7 44. Kc6 1-0

[Event "Parsvnath Commonwealth ch 2010"]
[Site "Nueva Delhi IND"]
[Date "2010.05.10"]
[Round "1.8"]
[White "Kannemeyer, Werner"]
[Black "Maletin, Pavel"]
[Result "0-1"]
[WhiteElo "1935"]
[BlackElo "2584"]
[PlyCount "58"]
[EventDate "2010.05.10"]
[EventType "swiss"]
[EventRounds "11"]
[EventCountry "IND"]
[Source "lmi"]
[SourceDate "2010.05.10"]

1. d4 Nf6 2. f4 d5 3. Nf3 c5 4. e3 Bf5 5. Bd3 Bxd3 6. Qxd3 Nc6 7. Nbd2 e6 8. c3
Be7 9. O-O O-O 10. Ne5 Qc7 11. Kh1 Rab8 12. a4 a6 13. Nxc6 bxc6 14. dxc5 a5 15.
Qd4 Nd7 16. e4 Nxc5 17. exd5 cxd5 18. f5 Bf6 19. Qg4 e5 20. Nf3 Nd3 21. Bg5 Qd8
22. Qh5 e4 23. Bxf6 Qxf6 24. Nd4 Rxb2 25. g4 h6 26. Rab1 Rfb8 27. Rxb2 Rxb2 28.
Kg1 Ne5 29. h4 Qd6 0-1

[Event "Parsvnath Commonwealth ch 2010"]
[Site "Nueva Delhi IND"]
[Date "2010.05.10"]
[Round "1.9"]
[White "Gupta, Abhijeet"]
[Black "Anjali, Palande"]
[Result "1-0"]
[WhiteElo "2570"]
[BlackElo "1924"]
[PlyCount "61"]
[EventDate "2010.05.10"]
[EventType "swiss"]
[EventRounds "11"]
[EventCountry "IND"]
[Source "lmi"]
[SourceDate "2010.05.10"]

1. d4 Nf6 2. c4 g6 3. Nc3 Bg7 4. e4 d6 5. f3 O-O 6. Be3 e5 7. Nge2 Nc6 8. Qd2
b6 9. d5 Ne7 10. g4 Ne8 11. h4 f5 12. g5 Ba6 13. b3 Qc8 14. Bh3 c5 15. h5 Qd8
16. hxg6 hxg6 17. O-O-O Nc7 18. a4 Bc8 19. f4 fxe4 20. fxe5 Bxe5 21. Bf4 Rxf4
22. Nxf4 Bxh3 23. Nxh3 a6 24. Nxe4 b5 25. Nf6+ Kf7 26. Nf4 Bxf6 27. gxf6 Nf5
28. Qb2 Qxf6 29. Rh7+ Ng7 30. Qxf6+ Kxf6 31. Rf1 1-0

[Event "Parsvnath Commonwealth ch 2010"]
[Site "Nueva Delhi IND"]
[Date "2010.05.10"]
[Round "1.10"]
[White "Chaithanyaa, K.G."]
[Black "Kravtsiv, Martyn"]
[Result "0-1"]
[WhiteElo "1922"]
[BlackElo "2546"]
[PlyCount "54"]
[EventDate "2010.05.10"]
[EventType "swiss"]
[EventRounds "11"]
[EventCountry "IND"]
[Source "lmi"]
[SourceDate "2010.05.10"]

1. e4 e5 2. Nf3 Nc6 3. d4 exd4 4. Bc4 Nf6 5. O-O Bc5 6. e5 d5 7. exf6 dxc4 8.
fxg7 Rg8 9. Re1+ Be6 10. Ng5 Qd5 11. Nc3 Qf5 12. g4 Qg6 13. Nd5 O-O-O 14. Nf4
Qxg7 15. Nfxe6 fxe6 16. Nxe6 Qxg4+ 17. Qxg4 Rxg4+ 18. Kf1 Rdg8 19. Nxc5 d3 20.
cxd3 Nd4 21. f3 Rg1+ 22. Kf2 R8g2+ 23. Ke3 Nc2+ 24. Kf4 Rxe1 25. Rb1 b6 26. Ne4
cxd3 27. h4 Rgg1 0-1

[Event "Parsvnath Commonwealth ch 2010"]
[Site "Nueva Delhi IND"]
[Date "2010.05.10"]
[Round "1.11"]
[White "Khusnutdinov, Rustam"]
[Black "Nazarov, Rustem"]
[Result "1-0"]
[WhiteElo "2525"]
[BlackElo "1920"]
[PlyCount "57"]
[EventDate "2010.05.10"]
[EventType "swiss"]
[EventRounds "11"]
[EventCountry "IND"]
[Source "lmi"]
[SourceDate "2010.05.10"]

1. e4 c5 2. Nf3 d6 3. d4 cxd4 4. Nxd4 Nf6 5. Nc3 a6 6. h3 e5 7. Nde2 Be6 8. g4
Be7 9. Bg2 O-O 10. Be3 b5 11. Ng3 Nbd7 12. Nf5 Bxf5 13. exf5 b4 14. Na4 Qa5 15.
b3 Rac8 16. g5 Ne8 17. f6 gxf6 18. Qg4 fxg5 19. Qxd7 Qc7 20. Qxc7 Rxc7 21.
O-O-O f5 22. Bb6 Rc8 23. Bb7 Rb8 24. Bxa6 Nf6 25. Rhg1 h6 26. Bc7 Ra8 27. Bxd6
Bxd6 28. Rxd6 Ne4 29. Rxh6 1-0

[Event "Parsvnath Commonwealth ch 2010"]
[Site "Nueva Delhi IND"]
[Date "2010.05.10"]
[Round "1.13"]
[White "Iuldachev, Saidali"]
[Black "J V Sai, Kiran"]
[Result "1-0"]
[WhiteElo "2511"]
[BlackElo "1908"]
[PlyCount "37"]
[EventDate "2010.05.10"]
[EventType "swiss"]
[EventRounds "11"]
[EventCountry "IND"]
[Source "lmi"]
[SourceDate "2010.05.10"]

1. e4 e5 2. Nf3 Nc6 3. Bb5 a6 4. Bxc6 dxc6 5. O-O Bg4 6. h3 h5 7. d3 Bxf3 8.
Qxf3 Bc5 9. Nd2 Qd7 10. Nb3 Bb6 11. Be3 O-O-O 12. a4 f6 13. a5 Bd4 14. Bxd4
exd4 15. Ra4 Ne7 16. Rxd4 Qe6 17. Qe3 Kb8 18. Nc5 Qa2 19. Rb4 1-0

[Event "Parsvnath Commonwealth ch 2010"]
[Site "Nueva Delhi IND"]
[Date "2010.05.10"]
[Round "1.14"]
[White "Sithalatchumi, A."]
[Black "Adhiban, B."]
[Result "0-1"]
[WhiteElo "1906"]
[BlackElo "2510"]
[PlyCount "46"]
[EventDate "2010.05.10"]
[EventType "swiss"]
[EventRounds "11"]
[EventCountry "IND"]
[Source "lmi"]
[SourceDate "2010.05.10"]

1. d4 Nf6 2. Nf3 d5 3. c4 e6 4. Nc3 c6 5. cxd5 exd5 6. Bg5 Be7 7. e3 Bf5 8. Bd3
Bxd3 9. Qxd3 Nbd7 10. O-O O-O 11. Rab1 a5 12. Rfe1 h6 13. Bxf6 Nxf6 14. Rbd1 a4
15. Ne5 a3 16. b3 Re8 17. e4 Bb4 18. exd5 Nxd5 19. Nxd5 Bxe1 20. Ne3 Ba5 21.
Qc4 Qf6 22. Rd3 Rad8 23. Nc2 b5 0-1

[Event "Parsvnath Commonwealth ch 2010"]
[Site "Nueva Delhi IND"]
[Date "2010.05.10"]
[Round "1.16"]
[White "Anjana Krishna, S."]
[Black "Hossain, Enamul"]
[Result "0-1"]
[WhiteElo "1901"]
[BlackElo "2499"]
[PlyCount "76"]
[EventDate "2010.05.10"]
[EventType "swiss"]
[EventRounds "11"]
[EventCountry "IND"]
[Source "lmi"]
[SourceDate "2010.05.10"]

1. e4 c5 2. c3 e6 3. d4 d5 4. exd5 exd5 5. Nf3 Nc6 6. Bd3 c4 7. Bc2 Bd6 8. O-O
Nge7 9. Bg5 f6 10. Bh4 Bf5 11. Re1 O-O 12. Bg3 b5 13. Bxd6 Qxd6 14. a3 Qd7 15.
Nbd2 Ng6 16. Nf1 Rfe8 17. Ne3 Bxc2 18. Qxc2 Nf4 19. Red1 Qe6 20. Ne1 Rad8 21.
b4 a5 22. Ra2 Rd7 23. Kh1 Rde7 24. Qb1 a4 25. Qc2 Nd8 26. Raa1 Nf7 27. Qd2 Ng5
28. Qc2 Ne4 29. Nf1 Qf5 30. Kg1 Qg6 31. Kh1 Nxg2 32. Qb2 Nxe1 33. Rxe1 Ng3+ 34.
Nxg3 Rxe1+ 35. Rxe1 Rxe1+ 36. Kg2 Qd3 37. h3 f5 38. f4 Rd1 0-1

[Event "Parsvnath Commonwealth ch 2010"]
[Site "Nueva Delhi IND"]
[Date "2010.05.10"]
[Round "1.18"]
[White "Barath, L."]
[Black "Lalith, Babu M.R"]
[Result "0-1"]
[WhiteElo "1892"]
[BlackElo "2493"]
[PlyCount "86"]
[EventDate "2010.05.10"]
[EventType "swiss"]
[EventRounds "11"]
[EventCountry "IND"]
[Source "lmi"]
[SourceDate "2010.05.10"]

1. e4 c6 2. d4 d5 3. exd5 cxd5 4. Nc3 Nc6 5. Nf3 Nf6 6. Be2 Bf5 7. O-O e6 8.
Bg5 h6 9. Bh4 Be7 10. Ne5 O-O 11. Nxc6 bxc6 12. Bd3 Bxd3 13. Qxd3 c5 14. Ne2
Qb6 15. Rab1 Rfc8 16. c3 Qb7 17. dxc5 Rxc5 18. Bxf6 Bxf6 19. Nf4 Be7 20. Rfe1
Qc7 21. Qf3 Bd6 22. Nd3 Ra5 23. h3 Rxa2 24. Ra1 Rxa1 25. Rxa1 Rb8 26. Qe3 a5
27. Ra4 e5 28. Rg4 Kh8 29. Qd2 e4 30. Nf4 f5 31. Nxd5 Qf7 32. Rh4 Kg8 33. Ne3
Be7 34. Rf4 Bg5 35. g3 Rd8 36. Qc2 Bxf4 37. gxf4 Qg6+ 38. Kh2 Qd6 39. Kg3 Kh7
40. h4 g5 41. Nc4 Qxf4+ 42. Kg2 Qg4+ 43. Kh2 Rd1 0-1

[Event "Parsvnath Commonwealth ch 2010"]
[Site "Nueva Delhi IND"]
[Date "2010.05.10"]
[Round "1.20"]
[White "Dhara, Gupta"]
[Black "Bakre, Tejas"]
[Result "0-1"]
[WhiteElo "1879"]
[BlackElo "2483"]
[PlyCount "72"]
[EventDate "2010.05.10"]
[EventType "swiss"]
[EventRounds "11"]
[EventCountry "IND"]
[Source "lmi"]
[SourceDate "2010.05.10"]

1. Nf3 c5 2. c4 Nc6 3. g3 g6 4. Nc3 Bg7 5. Bg2 Nh6 6. O-O Nf5 7. a3 O-O 8. Rb1
a5 9. b3 e6 10. Ne1 Nfe7 11. Nd3 b6 12. b4 cxb4 13. axb4 d5 14. cxd5 exd5 15.
b5 Nd4 16. Ba3 Bf5 17. Rc1 Bxd3 18. exd3 Ra7 19. Re1 Re8 20. Kf1 h5 21. Rb1 Rd7
22. Ne2 Nef5 23. Nxd4 Nxd4 24. Bb2 Ne6 25. Bh3 f5 26. Bxg7 Kxg7 27. d4 Nxd4 28.
Bg2 Rxe1+ 29. Qxe1 Re7 30. Qd1 Qd6 31. Qa4 Qe5 32. Qd1 f4 33. Rc1 f3 34. Bxf3
Qf5 35. Qa4 Qd3+ 36. Kg1 Re1+ 0-1

[Event "Parsvnath Commonwealth ch 2010"]
[Site "Nueva Delhi IND"]
[Date "2010.05.10"]
[Round "1.21"]
[White "Laxman, R.R."]
[Black "Ivana Maria, Furtado"]
[Result "1-0"]
[WhiteElo "2476"]
[BlackElo "1863"]
[PlyCount "127"]
[EventDate "2010.05.10"]
[EventType "swiss"]
[EventRounds "11"]
[EventCountry "IND"]
[Source "lmi"]
[SourceDate "2010.05.10"]

1. Nf3 Nf6 2. c4 e6 3. Nc3 d5 4. d4 Bb4 5. e3 O-O 6. Bd3 c5 7. O-O cxd4 8. exd4
dxc4 9. Bxc4 b6 10. Qb3 Bxc3 11. bxc3 Nc6 12. Bd3 h6 13. Bd2 Bb7 14. Rfe1 Qc7
15. Qd1 Rfd8 16. Rc1 Rac8 17. h3 Qd6 18. Qe2 Na5 19. Rc2 Qd5 20. Qf1 Nc4 21.
Bc1 b5 22. Ne5 Nd6 23. Ba3 a6 24. Bb4 Nc4 25. Be7 Re8 26. Bxf6 gxf6 27. Be4
Qxe4 28. Rxe4 Bxe4 29. Re2 Nxe5 30. Rxe4 Ng6 31. Re3 Red8 32. Qd3 Kg7 33. Rg3
Rd5 34. Kh2 Rcd8 35. Qb1 Rf5 36. Qb2 Kh7 37. Re3 Nf4 38. Rf3 Nd5 39. Qc2 Kg7
40. Rxf5 exf5 41. c4 bxc4 42. Qxc4 Nf4 43. g3 Ng6 44. a4 f4 45. g4 Nh4 46. d5
Nf3+ 47. Kg2 Ne5 48. Qd4 f3+ 49. Kg3 Kh8 50. Qb6 Rxd5 51. Qxf6+ Kh7 52. Qxa6
Rd1 53. Qb5 Rg1+ 54. Kf4 Ng6+ 55. Kxf3 Rh1 56. Kg2 Re1 57. a5 Nf4+ 58. Kh2 Ne6
59. a6 Nd4 60. Qd3+ Kg8 61. Qxd4 Re6 62. a7 Rg6 63. a8=Q+ Kh7 64. Qdh8# 1-0

[Event "Parsvnath Commonwealth ch 2010"]
[Site "Nueva Delhi IND"]
[Date "2010.05.10"]
[Round "1.22"]
[White "D.K. Chopra"]
[Black "Satyapragyan, Swayangsu"]
[Result "0-1"]
[WhiteElo "1860"]
[BlackElo "2463"]
[PlyCount "70"]
[EventDate "2010.05.10"]
[EventType "swiss"]
[EventRounds "11"]
[EventCountry "IND"]
[Source "lmi"]
[SourceDate "2010.05.10"]

1. d4 Nf6 2. Nf3 c5 3. Bg5 cxd4 4. Bxf6 gxf6 5. Nxd4 Nc6 6. c3 Qb6 7. Nb3 d6 8.
N1d2 h5 9. Nc4 Qc7 10. e3 h4 11. Nd4 Bd7 12. Be2 Rg8 13. g3 Rh8 14. Qd2 Ne5 15.
Nxe5 fxe5 16. Nf3 hxg3 17. fxg3 Bh6 18. Bd1 Qb6 19. Kf2 Rg8 20. Bb3 Rg6 21.
Rae1 e6 22. Kg2 O-O-O 23. Rhf1 Bc6 24. Kg1 Rg4 25. Nh4 Rxh4 26. Rxf7 Re4 27.
Bxe6+ Kb8 28. Kf2 d5 29. Bf5 d4 30. Qc1 Bxe3+ 31. Rxe3 dxe3+ 32. Ke1 e2 33.
Bxe4 Qg1+ 34. Kxe2 Qxc1 35. Bxc6 Qxb2+ 0-1

[Event "Parsvnath Commonwealth ch 2010"]
[Site "Nueva Delhi IND"]
[Date "2010.05.10"]
[Round "1.23"]
[White "Ashwin, Jayaram"]
[Black "Jotish, Joy"]
[Result "1-0"]
[WhiteElo "2457"]
[BlackElo "1853"]
[PlyCount "115"]
[EventDate "2010.05.10"]
[EventType "swiss"]
[EventRounds "11"]
[EventCountry "IND"]
[Source "lmi"]
[SourceDate "2010.05.10"]

1. e4 d5 2. exd5 Qxd5 3. Nc3 Qa5 4. d4 Nf6 5. Nf3 Bf5 6. Bc4 c6 7. Bd2 e6 8.
Qe2 Bb4 9. O-O-O Nbd7 10. a3 Bxc3 11. Bxc3 Qc7 12. Ne5 Nxe5 13. dxe5 Nd5 14.
Bxd5 cxd5 15. Bb4 Rc8 16. Rd2 Qc4 17. Qxc4 Rxc4 18. b3 Rc6 19. Kb2 b5 20. Ra1
Kd7 21. a4 Rhc8 22. c3 bxa4 23. Rxa4 a6 24. c4 Ke8 25. c5 g5 26. Kc3 g4 27.
Rda2 Ra8 28. Ra5 Be4 29. g3 Bg2 30. R2a4 h5 31. Ba3 Bf1 32. Bc1 Rb8 33. Rf4 Ke7
34. Be3 Rg8 35. Rf6 Rg6 36. Rxg6 fxg6 37. Ra4 Rc8 38. Rf4 Rf8 39. Rf6 Bb5 40.
Rxg6 Rf5 41. Kd4 Be8 42. Rg7+ Rf7 43. Rg8 Rf8 44. Rg7+ Rf7 45. Rg5 Rf8 46. Kc3
a5 47. c6 Rf5 48. Rxf5 exf5 49. c7 Bd7 50. Bb6 a4 51. bxa4 Ke6 52. Kd4 Bc8 53.
Bc5 Bb7 54. Bd6 Kd7 55. Kc5 Ke6 56. a5 Bc8 57. Kb6 d4 58. a6 1-0

[Event "Parsvnath Commonwealth ch 2010"]
[Site "Nueva Delhi IND"]
[Date "2010.05.10"]
[Round "1.24"]
[White "Roberts, Marcel"]
[Black "Swapnil, S. Dhopade"]
[Result "0-1"]
[WhiteElo "1850"]
[BlackElo "2457"]
[PlyCount "138"]
[EventDate "2010.05.10"]
[EventType "swiss"]
[EventRounds "11"]
[EventCountry "IND"]
[Source "lmi"]
[SourceDate "2010.05.10"]

1. e4 c6 2. d4 d5 3. Nc3 dxe4 4. Nxe4 Bf5 5. Ng3 Bg6 6. Nf3 Nf6 7. h4 h6 8. h5
Bh7 9. Bd3 Bxd3 10. Qxd3 e6 11. Bd2 c5 12. O-O-O Nc6 13. Bc3 Qd5 14. Kb1 c4 15.
Qe2 b5 16. Nf1 Qd7 17. Ne3 Nd5 18. Nxd5 Qxd5 19. Ne5 Rc8 20. Nxc6 Rxc6 21. Qe5
b4 22. Qb8+ Kd7 23. Qxa7+ Rc7 24. Qa4+ Qc6 25. Qxc6+ Kxc6 26. Bd2 Rb7 27. c3
bxc3 28. Bxc3 Kd5 29. Rhe1 Bd6 30. Kc2 Ra8 31. a3 Rb5 32. Re3 Kc6 33. Rf3 Ra7
34. Rh3 Rd5 35. Rh4 Rg5 36. g3 Rb7 37. g4 f5 38. f3 fxg4 39. fxg4 Bg3 40. Rh3
Bd6 41. Rg1 Rf7 42. Rg2 Rf4 43. Rh4 Rf1 44. Bd2 Bf4 45. Bxf4 Rxf4 46. Kc3 Kd5
47. Rd2 Rgxg4 48. Rxg4 Rxg4 49. a4 Rg3+ 50. Kc2 Rg5 51. Kc3 Rxh5 52. Kb4 Rh3
53. a5 Rb3+ 54. Ka4 Rd3 55. Rg2 g5 56. Rh2 Rxd4 57. Kb5 Rd3 58. Kb6 Rb3+ 59.
Kc7 c3 60. bxc3 Rxc3+ 61. Kb6 Rb3+ 62. Kc7 Rc3+ 63. Kd7 Ra3 64. Rxh6 Rxa5 65.
Rg6 Ra7+ 66. Ke8 e5 67. Rxg5 Kd4 68. Rg4+ e4 69. Rg3 e3 0-1

[Event "Parsvnath Commonwealth ch 2010"]
[Site "Nueva Delhi IND"]
[Date "2010.05.10"]
[Round "1.25"]
[White "Pogorelov, Ruslan"]
[Black "Hossain, Mokaddes"]
[Result "1-0"]
[WhiteElo "2454"]
[BlackElo "1847"]
[PlyCount "79"]
[EventDate "2010.05.10"]
[EventType "swiss"]
[EventRounds "11"]
[EventCountry "IND"]
[Source "lmi"]
[SourceDate "2010.05.10"]

1. Nf3 g6 2. c4 Bg7 3. d4 Nf6 4. Nc3 d6 5. e4 O-O 6. Be2 Nc6 7. d5 Nb8 8. O-O
e5 9. Bg5 h6 10. Bh4 Nbd7 11. Nd2 g5 12. Bg3 a5 13. a3 Nc5 14. b4 axb4 15. axb4
Rxa1 16. Qxa1 Na6 17. Qa3 h5 18. f3 Bh6 19. c5 h4 20. Bf2 Nb8 21. Nc4 Ne8 22.
b5 f5 23. c6 bxc6 24. dxc6 Be6 25. exf5 Rxf5 26. Ne3 Rf8 27. Ned5 Nf6 28. Bc4
Nxd5 29. Bxd5 Qe7 30. Qb3 Bxd5 31. Nxd5 Qf7 32. Nf6+ Kh8 33. Qxf7 Rxf7 34. Nd5
Kh7 35. Ba7 Rf8 36. Nxc7 Kg6 37. Nd5 Kf7 38. Bxb8 Rxb8 39. c7 Rxb5 40. c8=Q 1-0

[Event "Parsvnath Commonwealth ch 2010"]
[Site "Nueva Delhi IND"]
[Date "2010.05.10"]
[Round "1.27"]
[White "Himanshu, Sharma"]
[Black "Bala kannamma.P"]
[Result "1-0"]
[WhiteElo "2440"]
[BlackElo "1843"]
[PlyCount "70"]
[EventDate "2010.05.10"]
[EventType "swiss"]
[EventRounds "11"]
[EventCountry "IND"]
[Source "lmi"]
[SourceDate "2010.05.10"]

1. d4 Nf6 2. Nf3 e6 3. e3 b6 4. Bd3 Bb7 5. O-O Be7 6. b3 O-O 7. Bb2 d5 8. Ne5
Nbd7 9. Nd2 Nxe5 10. dxe5 Nd7 11. Qh5 g6 12. Qh3 Re8 13. f4 Bf8 14. Rae1 Bg7
15. g4 Nf8 16. Qg3 c5 17. e4 Qc7 18. f5 d4 19. f6 Bh8 20. Nf3 a6 21. a4 Bc6 22.
Bc1 b5 23. axb5 axb5 24. Bh6 Nd7 25. Qh4 Nxe5 26. Ng5 Nxd3 27. cxd3 Ra2 28. Bg7
h5 29. Bxh8 Qa5 30. gxh5 Qd2 31. Qg3 e5 32. hxg6 Rf8 33. gxf7+ Rxf7 34. Nxf7+
Kf8 35. Nxe5 Qxh2+ 1-0

[Event "Parsvnath Commonwealth ch 2010"]
[Site "Nueva Delhi IND"]
[Date "2010.05.10"]
[Round "1.28"]
[White "Lasya.g"]
[Black "Paciencia, Enrique"]
[Result "1-0"]
[WhiteElo "1839"]
[BlackElo "2429"]
[PlyCount "55"]
[EventDate "2010.05.10"]
[EventType "swiss"]
[EventRounds "11"]
[EventCountry "IND"]
[Source "lmi"]
[SourceDate "2010.05.10"]

1. e4 c5 2. Nf3 d6 3. d4 cxd4 4. Nxd4 Nf6 5. Nc3 a6 6. Be2 e6 7. O-O Nc6 8. Be3
Qc7 9. f4 Be7 10. Kh1 Bd7 11. Qe1 b5 12. Bf3 Rc8 13. a3 Nxd4 14. Bxd4 e5 15.
Be3 a5 16. Qf2 b4 17. axb4 axb4 18. Ra7 Qc6 19. fxe5 dxe5 20. Nd5 Qxc2 21. Be2
Bd8 22. Rxd7 Kxd7 23. Bb5+ Kd6 24. Qf5 Rc7 25. Nxc7 Bxc7 26. Rc1 Qxe4 27. Rd1+
Ke7 28. Bc5+ 1-0

[Event "Parsvnath Commonwealth ch 2010"]
[Site "Nueva Delhi IND"]
[Date "2010.05.10"]
[Round "1.29"]
[White "Murshed, Niaz"]
[Black "Ashwini, U."]
[Result "1-0"]
[WhiteElo "2426"]
[BlackElo "1838"]
[PlyCount "45"]
[EventDate "2010.05.10"]
[EventType "swiss"]
[EventRounds "11"]
[EventCountry "IND"]
[Source "lmi"]
[SourceDate "2010.05.10"]

1. d4 Nf6 2. Nf3 c5 3. d5 b5 4. Bg5 d6 5. Bxf6 gxf6 6. e4 Qb6 7. Nbd2 Rg8 8. a4
Bd7 9. axb5 Bxb5 10. g3 Bh6 11. b3 a5 12. Bxb5+ Qxb5 13. Nc4 Nd7 14. Qd3 Qb7
15. O-O Qc7 16. Ra2 a4 17. Rxa4 Rxa4 18. bxa4 Nb6 19. Rb1 Nxc4 20. Qxc4 Kf8 21.
Nh4 Bd2 22. Nf5 Ba5 23. Qa6 1-0

[Event "Parsvnath Commonwealth ch 2010"]
[Site "Nueva Delhi IND"]
[Date "2010.05.10"]
[Round "1.30"]
[White "Pallavi, Dutta"]
[Black "Anwesh, Upadhyaya"]
[Result "0-1"]
[WhiteElo "1838"]
[BlackElo "2419"]
[PlyCount "92"]
[EventDate "2010.05.10"]
[EventType "swiss"]
[EventRounds "11"]
[EventCountry "IND"]
[Source "lmi"]
[SourceDate "2010.05.10"]

1. f4 g6 2. d4 Bg7 3. Nf3 d5 4. e3 Bf5 5. Be2 Nf6 6. O-O O-O 7. Nbd2 c5 8. Ne5
Nc6 9. Ndf3 Qb6 10. Kh1 Rac8 11. c3 Rfd8 12. Ng5 Nxe5 13. fxe5 Ne4 14. Nxe4
Bxe4 15. Qb3 c4 16. Qd1 f6 17. exf6 exf6 18. Bf3 Re8 19. Bxe4 Rxe4 20. Qc2 f5
21. Bd2 Bh6 22. Rae1 Rce8 23. Qc1 Qa6 24. a3 Qe6 25. g3 Bxe3 26. Bxe3 Rxe3 27.
Rxe3 Qxe3 28. Qxe3 Rxe3 29. Rf2 Kg7 30. Kg2 h5 31. Kf1 Kf6 32. Rd2 g5 33. Kf2
Re4 34. h3 Ke6 35. b3 cxb3 36. Rb2 Kd6 37. Rxb3 Kc6 38. Rb1 h4 39. gxh4 Rxh4
40. Kg3 Re4 41. Kf3 g4+ 42. hxg4 fxg4+ 43. Kf2 Rf4+ 44. Kg2 Rf3 45. Rb3 b5 46.
Kh2 a5 0-1

[Event "Parsvnath Commonwealth ch 2010"]
[Site "Nueva Delhi IND"]
[Date "2010.05.10"]
[Round "1.32"]
[White "Gurtgeldiyeva, Abadan"]
[Black "Konguvel, Ponnuswamy"]
[Result "0-1"]
[WhiteElo "1836"]
[BlackElo "2412"]
[PlyCount "70"]
[EventDate "2010.05.10"]
[EventType "swiss"]
[EventRounds "11"]
[EventCountry "IND"]
[Source "lmi"]
[SourceDate "2010.05.10"]

1. e4 c5 2. Nf3 e6 3. d4 cxd4 4. Nxd4 Nc6 5. Be3 Nf6 6. Nc3 Bb4 7. Ndb5 d5 8.
exd5 Nxd5 9. a3 Bxc3+ 10. Nxc3 Nxe3 11. Qxd8+ Kxd8 12. fxe3 Ke7 13. Be2 Bd7 14.
O-O-O Ne5 15. Rhf1 Rac8 16. Nb5 a6 17. Nd6 Rc7 18. b3 b5 19. Ne4 Rhc8 20. Rd2
f5 21. Nf2 Rc3 22. Kb2 Rxe3 23. Nd3 Nc4+ 24. bxc4 bxc4 25. Kc1 cxd3 26. Bxd3
Rc5 27. Rfd1 Bc6 28. Bxa6 Rxa3 29. Bd3 g6 30. Kb2 Ra7 31. g3 e5 32. Bf1 Rb7+
33. Kc1 Ra5 34. c3 Ra1+ 35. Kc2 Ba4+ 0-1

[Event "Parsvnath Commonwealth ch 2010"]
[Site "Nueva Delhi IND"]
[Date "2010.05.10"]
[Round "1.33"]
[White "Debashis, Das"]
[Black "Supriya, Joshi"]
[Result "1-0"]
[WhiteElo "2400"]
[BlackElo "1831"]
[PlyCount "63"]
[EventDate "2010.05.10"]
[EventType "swiss"]
[EventRounds "11"]
[EventCountry "IND"]
[Source "lmi"]
[SourceDate "2010.05.10"]

1. e4 c5 2. Nf3 g6 3. d4 cxd4 4. Nxd4 Nf6 5. Nc3 Nc6 6. Nxc6 bxc6 7. e5 Ng8 8.
Bc4 Bg7 9. Qf3 f5 10. Bf4 e6 11. O-O-O Qc7 12. h4 Rb8 13. h5 Rb4 14. b3 g5 15.
Bxg5 Qxe5 16. Rd3 Bh6 17. Bxh6 Nxh6 18. a3 Rb6 19. Re3 Qf6 20. Qf4 O-O 21. Qd6
c5 22. Qxc5 d5 23. Be2 f4 24. Reh3 Bb7 25. Qa5 Rc8 26. Qxa7 Rbc6 27. Qxb7 R6c7
28. Qb4 d4 29. Bc4 dxc3 30. Qxc3 Qxc3 31. Rxc3 Kf7 32. Re1 1-0

[Event "Parsvnath Commonwealth ch 2010"]
[Site "Nueva Delhi IND"]
[Date "2010.05.10"]
[Round "1.34"]
[White "Meredow, Shanepes"]
[Black "Tania, Sachdev"]
[Result "0-1"]
[WhiteElo "1830"]
[BlackElo "2398"]
[PlyCount "64"]
[EventDate "2010.05.10"]
[EventType "swiss"]
[EventRounds "11"]
[EventCountry "IND"]
[Source "lmi"]
[SourceDate "2010.05.10"]

1. e4 e5 2. Nf3 Nc6 3. Bc4 Nf6 4. d3 Bc5 5. Bg5 h6 6. Bh4 O-O 7. O-O Be7 8. c3
d6 9. Nbd2 g5 10. Bg3 Bg4 11. h3 Bh5 12. d4 exd4 13. cxd4 Nxd4 14. Qa4 Nxf3+
15. gxf3 Qd7 16. Qxd7 Nxd7 17. f4 gxf4 18. Bxf4 Kh7 19. Kh2 Ne5 20. Bb3 Rg8 21.
Rg1 Bg5 22. Bxg5 hxg5 23. Rg3 Rg7 24. Rag1 Rag8 25. Rc3 c6 26. Rcg3 Rg6 27. f3
Kh6 28. Kg2 Rf6 29. Rf1 Re8 30. Bc2 Ng6 31. Kh2 a5 32. Rfg1 Re5 0-1